| 000 | 00651nam a22002057a 4500 | ||
|---|---|---|---|
| 999 |
_c4740 _d4740 |
||
| 003 | AR-CdUCM | ||
| 008 | 190311b ||||| |||| 00| 0 spa d | ||
| 040 |
_aMUNICIPALIDAD PROVINCIAL DEL CUSCO _cBIBLIOTECA MUNICIPAL DEL CUSCO |
||
| 082 |
_a869.30 / _bR16 |
||
| 100 |
_aRafide, Matias _914665 |
||
| 245 | _aPoetas de la región del Maule / | ||
| 260 |
_aChile : _bUniversidad Católica de Chile, _bSede Regional del Maule, _c1973 |
||
| 300 |
_a341 páginas ; _c21 cm. |
||
| 500 | _aDonación de la familia Nieto. | ||
| 650 |
_aChile _91150 |
||
| 650 |
_aPoesía chilena _95520 |
||
| 650 |
_aAntología _9142 |
||
| 942 |
_2ddc _cLIBROS |
||
| 945 | _araen | ||